| 000 | 00782nam a2200253 i 4500 | ||
|---|---|---|---|
| 001 | 000024470 | ||
| 003 | DO-SdBNP | ||
| 005 | 20251105071641.0 | ||
| 007 | ta | ||
| 008 | 110128s1985 dr 000 0 spa d | ||
| 040 |
_aDO-SdBNP _bspa _cBNPHU _erda |
||
| 041 | _aspa | ||
| 082 |
_axxx _bM294 _222 |
||
| 245 | 0 | 0 |
_aManual de microbiología : _bMIP111- MIP113-MIP114. |
| 264 |
_aSanto Domingo : _bDepartamento de Microbiología y Paracitología _bEditora Universitaria, _c1985. |
||
| 300 |
_a172 páginas : _bilustraciones gráficas. ; _c27 cm. |
||
| 336 |
_ardacontent _btexto _2txt |
||
| 337 |
_ardamedia _bsin mediación _2n |
||
| 338 |
_ardacarrier _bvolumen _2nc |
||
| 504 | _aBibliografía: página 171 | ||
| 590 | _aInventariado, 2025/DG | ||
| 910 | _aDG | ||
| 942 |
_2ddc _cLBS1 |
||
| 999 |
_c23963 _d23963 |
||